000 03916ncm0a2200589 4500
001 RU\NLR\ONIZ\304003
005 20260213115029.7
035 _a(NLR Aleph) 022204123
071 2 0 _aS. № 4189
090 _a13053320
_c13053320
100 _a20240410d1859 u y0rusy50 ca
101 0 _arus
102 _aRU
125 _aa|
128 _armc
135 _acrcn 024anaba
145 0 _ac
200 1 _aСоседушка
_bНоты
_e"Что за пышныя ресницы..."
_eроманс
_e[для голоса с фортепиано]
_fмузыка А. Дерфельдта
_gслова М. Бларемберга
203 _aМузыка
_bзнаковая
_bвизуальная
_cнепосредственная
210 _aС. Петербург
_cу Ф. Стелловскаго
_d1859
_gЛит. Р. Берендгофа
_eС. Петербург
215 _a5 с.
_cил.
_d32 см
225 1 _aПриложения к "Музыкальному и театральному вестнику"
_v№ 61
300 _aДвойная пагинация: с. 446-449
313 _aСистематизация документа проведена по изданию - Методика классифицирования музыкальных произведений (нотных изданий) по таблицам Библиотечно-библиографических классификаций : метод. рекомендации / Гос. б-ка СССР им. В.И. Ленина.- М., 1977. Индексу ББК методических рекомендаций присваивается код ББК для научных библиотек - LBC/SL
316 _6b03852
_aЭкз. М 4С/9 (№ 263366). Припл. к: Кушелев-Безбородко Г. А. Последний вздох. С. Петербург, ценз. 1866
_5NLR
317 _6b03899
_6z06703
_5NLR: М 4С/9
_aИз коллекции И. Б. Семенова
325 _aКопия доступна в Электрон. б-ке РНБ
482 0 _6b03852
_1001RU\NLR\ONIZ\265316
_1852##$aNLR$bМ$j4С/9$p263356$t2
_913053160
_aКушелев-Безбородко, Г. А. (1832-1870)
_cС. Петербург
_dценз. 1866
_fмузыка графа Г. А. Кушелева-Безбородко
_nу Л. Иотти
_o"Поцелуй меня..." : романс : [для голоса и фортепиано]
_p5 с.
_tПоследний вздох: Ноты
_uhttps://vivaldi.nlr.ru/bn000011538/view
606 1 _aВокальная музыка русская
_z19 в.
_jНоты
_2nlr_sh
606 1 _aРомансы русских композиторов
_z19 в.
_jНоты
_2nlr_sh
608 _aРоманс (вокальный)
_jНоты
_2nlr_sh
686 0 _aЩ943.4-42-043.3(28)
700 1 _9z01790
_aДерфельдт
_bА. А.
_cсын
_f1810-1869
_gАнтон Антонович
_4230
_7ca
702 1 _9z02790
_aБларамберг
_bМ.
_cпоэт
_f19 в.
_4520
_7ca
703 1 _6z06317
_9z05790
_aСеменов
_bИ. Б.
_cальтист
_f1903-1991
_gИван Борисович
_4390
_7ca
790 1 _9z01700
_aDerfeldt
_bA. A.
_f1810-1869
_gAnton Antonovich
_4230
_7ba
790 1 _9z02702
_aBlaramberg
_bM.
_f19 в.
_4520
_7ba
790 1 _9z05703
_aSemenov
_bI. B.
_f1903-1991
_gIvan Borisovič
_4390
_7ba
801 0 _aRU
_bNLR
_c20240410
_gPSBO
801 1 _aRU
_bNLR
_c20240410
_2rusmarc
801 2 _aRU
_bNLR
_c20240410
852 _6b03482
_6b03316
_6b03317
_aNLR
_gМ
_j4С/9
_m263366
_t1
856 0 _uhttps://vivaldi.nlr.ru/bn000011546/view
856 1 _uhttps://vivaldi.nlr.ru/bn000011546/cover
856 2 _uhttps://vivaldi.nlr.ru/bn000011546/text
942 _cSCORE
980 _aNB
980 _aONIZ
981 2 4 _a(24) Нотные издания и аудиозаписи